00698cac a2200181 4500008004100000020001500041035001200056100002800068245010500096260004400201300002000245440004500265504003100310504002200341650004200363650006500405650004600470070529t20052005mx 000 0 spa u a8487682642 aa4609621 aDíaz Barriga, Ángel13aEl docente y los programas escolares: blo institucional y lo didáctico /cÁngel Díaz Barriga. aBarcelona, España: bPomares, cc2005 a159 p. ;cc2005 0aEducación superior en América Latina aBibliografía: p. 147-155 aIncluye índices 4aUniversidades y colegios xCurriculum 4aParticipación del maestro en la planificación curricular 4aEnseñanza universitaria xMetodología